| 000 | 00633cam a22002293a 4500 | ||
|---|---|---|---|
| 001 | 28016 | ||
| 003 | PGUSA | ||
| 005 | 20140828083615.0 | ||
| 008 | 090207s2009||||xxu|||||s|||||000 | eng d | ||
| 040 |
_aPGUSA _beng |
||
| 042 | _adc | ||
| 050 | 4 | _aDT | |
| 100 | 1 | _aSavory, Isabel | |
| 245 | 1 | 0 |
_aIn the Tail of the Peacock _h[electronic resource] / _cIsabel Savory |
| 260 |
_bProject Gutenberg, _c2009 |
||
| 506 | _aPublic domain in the USA. | ||
| 516 | _aElectronic text | ||
| 653 | _aMorocco -- Description and travel | ||
| 830 | 0 |
_aProject Gutenberg _v28016 |
|
| 856 | 4 | 0 | _uhttp://www.gutenberg.org/ebooks/28016 |
| 942 | _cEB | ||
| 999 |
_c257271 _d257271 |
||